| 000 | 03079pam a2200769 cc4500 | ||
|---|---|---|---|
| 001 | 1231735694 | ||
| 003 | DE-101 | ||
| 005 | 20260217142436.0 | ||
| 007 | tu | ||
| 008 | 210419s2022 gw ||||| |||| 00||||ger | ||
| 015 |
_a22,A44 _z21,N17 _2dnb |
||
| 016 | 7 |
_2DE-101 _a1231735694 |
|
| 020 |
_a9783551799548 _cBroschur : EUR 6.95 (DE), EUR 7.20 (AT), CHF 10.50 (freier Preis) |
||
| 020 | _a3551799547 | ||
| 024 | 3 | _a9783551799548 | |
| 035 | _a(DE-599)DNB1231735694 | ||
| 035 | _a(OCoLC)1335116530 | ||
| 040 |
_a1245 _bger _cDE-101 _d9999 _erda |
||
| 041 |
_ager _hjpn |
||
| 044 | _cXA-DE | ||
| 082 | 7 | 4 |
_a741.5 _qDE-101 _223sdnb |
| 100 | 1 |
_0(DE-588)1063396298 _0https://d-nb.info/gnd/1063396298 _0(DE-101)1063396298 _aIsayama, Hajime _d1986- _eVerfasser _4aut _2gnd |
|
| 245 | 1 | 0 |
_aAttack on Titan _n34 _cHajime Isayama ; aus dem Japanischen von Claudia Peter |
| 250 | _a1. Aufl. | ||
| 264 | 3 | 1 |
_aHamburg _bCarlsen Manga! _c2022 |
| 300 |
_acirca 256 Seiten _c213 g |
||
| 336 |
_aText _btxt _2rdacontent |
||
| 336 |
_aunbewegtes Bild _bsti _2rdacontent |
||
| 337 |
_aohne Hilfsmittel zu benutzen _bn _2rdamedia |
||
| 338 |
_aBand _bnc _2rdacarrier |
||
| 653 | _a(Produktform)Paperback / softback | ||
| 653 | _a(Zielgruppe)ab 16 Jahre | ||
| 653 | _a(Zielgruppe)bis 99 Jahre | ||
| 653 | _a(BISAC Subject Heading)CGN004050 | ||
| 653 | _a(Produktform (spezifisch))Unflipped manga format | ||
| 653 | _a(BISAC Subject Heading)CGN004040: COMICS & GRAPHIC NOVELS / Horror | ||
| 653 | _a(BISAC Subject Heading)CGN000000: COMICS & GRAPHIC NOVELS / General | ||
| 653 | _a(BISAC Subject Heading)FIC055000: FICTION / Dystopian | ||
| 653 | _a(BISAC Subject Heading)CGN004060: COMICS & GRAPHIC NOVELS / Media Tie-In | ||
| 653 | _a(BISAC Subject Heading)CGN004030: COMICS & GRAPHIC NOVELS / Fantasy | ||
| 653 | _ashingeki no kyojin | ||
| 653 | _aJapanische Leserichtung | ||
| 653 | _aBestseller | ||
| 653 | _aRiesen | ||
| 653 | _aNetflix | ||
| 653 | _aAnime | ||
| 653 | _aHollywood | ||
| 653 | _aTokyo Ghoul | ||
| 653 | _aDeath Note | ||
| 653 | _aBlut | ||
| 653 | _aLevi | ||
| 653 | _aJäger | ||
| 653 | _a(BISAC Subject Heading)CGN004050: COMICS & GRAPHIC NOVELS / Manga / General | ||
| 653 | _a(VLB-WN)2182: Taschenbuch / Belletristik/Comic, Cartoon, Humor, Satire/Manga, Manhwa | ||
| 655 | 7 |
_0(DE-588)4010427-8 _0https://d-nb.info/gnd/4010427-8 _0(DE-101)040104273 _aComic _2gnd-content |
|
| 772 | 0 | 8 |
_iEnthalten in _z9783551795618 |
| 772 | 0 | 8 |
_iEnthalten in _z9783551792747 |
| 772 | 0 | 8 |
_iEnthalten in _z9783551744272 |
| 773 | 0 | 8 |
_q234 _w(DE-101)1049428676 |
| 776 | 0 | 8 |
_iErscheint auch als _nOnline-Ausgabe _z9783646721898 |
| 787 | 0 | 8 |
_iIn Beziehung stehende Ressource _z9783551742339 |
| 787 | 0 | 8 |
_iIn Beziehung stehende Ressource _z9783551799524 |
| 856 | 4 | 2 |
_mX:MVB _qtext/html _uhttp://deposit.dnb.de/cgi-bin/dokserv?id=f7b9a751409d444aaf6d6b0bbcb5aebc&prov=M&dok_var=1&dok_ext=htm _3Inhaltstext |
| 856 | 4 | 2 |
_mB:DE-101 _qapplication/pdf _uhttps://d-nb.info/1231735694/04 _3Inhaltsverzeichnis |
| 942 |
_2ddc _cMGA _n0 |
||
| 999 |
_c1534 _d1534 |
||